Fichajes Récord del Sevilla - Estadísticas

Estadísticas generales
  • Esta prueba ha sido intentada 187 veces
  • La puntuación promedio es 10 de 21
Estadísticas de respuestas
$$$ Temporada Viene de... Jugador % Correcto
35.000.000 2019/20 Girondins Burdeos Jules Koundé
91%
20.000.000 2019/20 Leganés Youssef En-Nesyri
71%
14.000.000 2019/20 Eibar Joan Jordán
66%
21.700.000 2020/21 AC Milan Suso
66%
15.000.000 2019/20 Nantes Diego Carlos
64%
12.500.000 2019/20 PSV Eindhoven Luuk de Jong
61%
21.000.000 2018/19 Spartak Moscú Quincy Promes
60%
25.000.000 2019/20 Mónaco Rony Lopes
58%
15.000.000 2019/20 Marsella Lucas Ocampos
56%
16.000.000 2022/23 Bayern Munich Tanguy Nianzou
56%
13.000.000 2022/23 Galatasaray Marcão
51%
16.800.000 2016/17 Palermo Franco Vázquez
49%
24.500.000 2017/18 Sampdoria Luis Muriel
40%
15.000.000 2009/10 Real Madrid Álvaro Negredo
34%
13.500.000 2020/21 Real Madrid Óscar Rodríguez
34%
17.000.000 2019/20 Salzburgo Munas Dabbur
29%
16.000.000 2021/22 Wolves Rafa Mir
25%
18.200.000 2016/17 Sampdoria Joaquín Correa
22%
13.500.000 2018/19 Stade Rennes Joris Gnagnon
22%
14.400.000 2018/19 Lille Ibrahim Amadou
15%
12.500.000 2017/18 Fenerbahce Simon Kjaer
4%
No se encontraron pruebas coincidentes
Distribución de puntuación
Porcentaje de gente con cada puntuación
Porcentaje por número respondido
Historial de tus puntuaciones
No has intentado esta prueba.